Name The TNA / Impact Stable Members - Statistics

General Stats
  • This quiz has been taken 181 times
  • The average score is 43 of 58
Answer Stats
Stable Member % Correct
Fortune AJ Styles
97%
Immortal Bully Ray
96%
Aces & Eights Bully Ray
96%
Fortune James Storm
95%
The DCC James Storm
95%
Main Event Mafia Kurt Angle
95%
Main Event Mafia Sting
95%
Fortune Bobby Roode
92%
Immortal Abyss
91%
Decay Abyss
91%
Main Event Mafia Booker T
91%
Immortal Hulk Hogan
88%
Aces & Eights Devon
87%
Main Event Mafia Samoa Joe
86%
The Beat Down Clan Samoa Joe
86%
Immortal Scott Steiner
86%
Main Event Mafia Scott Steiner
86%
Decay Crazzy Steve
84%
Immortal Eric Bischoff
84%
The British Invasion Magnus
83%
Fortune Ric Flair
83%
Mexican America Hernandez
82%
Immortal Jeff Hardy
82%
Main Event Mafia Kevin Nash
82%
Triple X Low Ki
82%
The Beat Down Clan Low Ki
82%
Aces & Eights Mr. Anderson
82%
Aces & Eights Garett Bischoff
80%
The British Invasion Doug Williams
78%
Immortal Matt Hardy
78%
The BroMans Robbie E
78%
Triple X Christopher Daniels
77%
Fortune Kazarian
76%
The Beat Down Clan MVP
73%
Aces & Eights DOC
72%
The British Invasion Rob Terry
71%
The Rock 'n' Rave Infection Jimmy Rave
70%
Decay Rosemary
70%
The DCC Kingston
69%
The Beat Down Clan Kenny King
68%
Triple X Elix Skipper
66%
Immortal Jeff Jarrett
61%
The BroMans Jessie Godderz
61%
Aces & Eights Knux
61%
Aces & Eights Wes Brisco
59%
The Beat Down Clan Lashley
57%
Mexican America Rosita
56%
The Beat Down Clan Homicide
55%
The Rock 'n' Rave Infection Lance Rock
55%
Mexican America Sarita
55%
The DCC Bram
53%
The Rock 'n' Rave Infection Christy Hemme
49%
The BroMans DJZ
48%
Immortal Gunner
48%
Mexican America Anarquia
43%
The Rising Drew Galloway
42%
The Rising Eli Drake
40%
The Rising Micah
25%
No matching quizzes found
Score Distribution
Percent of People with Each Score
Percentile by Number Answered
Your Score History
You have not taken this quiz